Music Quiz

Random Music or Song Quiz
Score 0/18 Timer 05:00
36 Plays Today
% Correct
Walking on Sunshine
94.2%
Eye of the Tiger
94%
When Doves Cry
94%
I Love a Rainy Night
93.6%
We Didn't Start the Fire
93.4%
Footloose
93.4%
Ghostbusters
93.2%
London Calling
93.2%
I Love Rock 'N Roll
92.8%
% Correct
Love is a Battlefield
92.5%
Shout
92.4%
9 to 5
92.3%
Don't Worry, Be Happy
92.2%
Heaven Is a Place on Earth
91.9%
Call Me
91.5%
Love Shack
90.6%
Kiss
82.6%
Endless Love
74.3%
Remove Ads.
Support Sporcle.
Get the best of Sporcle when you Go Orange. This ad-free experience offers more features, more stats, and more fun while also helping to support Sporcle. Thank you for becoming a member.

You're not logged in!

Compare scores with friends on all Sporcle quizzes.
OR
Log In

Show Comments

Extras

Top Quizzes Today


Score Distribution

Your Account Isn't Verified!

In order to create a playlist on Sporcle, you need to verify the email address you used during registration. Go to your Sporcle Settings to finish the process.

Report this User

Report this user for behavior that violates our Community Guidelines.

Details: